Statistics for Pokémon names that end with P

Click here to take the quiz!

General Stats

  • This quiz has been taken 56 times
    (45 since last reset)
  • The average score is 9 of 17

Answer Stats

GenPokémon% Correct
IVPiplup
79%
IMagikarp
79%
IMachamp
71%
IVPrinplup
64%
VLillipup
64%
IMachop
57%
IIIMarshtomp
57%
IIHoppip
57%
IIIMudkip
57%
VIPhantump
50%
IVGarchomp
50%
VBisharp
43%
IIMareep
43%
IIILileep
43%
IIHitmontop
43%
VISkrelp
43%
VIIIImpidimp
36%

Score Distribution

Percentile by Number Answered

Percent of People with Each Score

Your Score History

You have not taken this quiz since the last reset